Statistics for April 27th: Birthdays

Click here to take the quiz!

General Stats

  • This quiz has been taken 7 times
  • The average score is 3 of 10

Answer Stats

YearClueAnswer% Correct
1791Inventor of the code for telegraphsSamuel Morse
86%
1932Creator of American Top 40Casey Kasem
71%
1759Mother of Mary ShelleyMary Wollstonecraft
57%
1822US PresidentUlysses Grant
43%
1952NBA Guard for the Chicago Bulls/San Antonio Spurs/Virginia SquirsGeorge Gervin
29%
1984Part of band Fall Out BoyPatrick Stump
14%
1820Wrote Social StatisticsHerbert Spencer
0%
18992-Time PGA ChampionLeo Diegel
0%
1927Completed 1st round-the-world solo flight by a womanSheila Scott
0%
1967King of the NetherlandsWillem-Alexander
0%

Score Distribution

Percentile by Number Answered

Percent of People with Each Score

Your Score History

You have not taken this quiz